| 000 | 00735nam a22001937a 4500 | ||
|---|---|---|---|
| 999 |
_c8098 _d8098 |
||
| 003 | AR-CdUCM | ||
| 008 | 190322b ||||| |||| 00| 0 spa d | ||
| 040 |
_aMUNICIPALIDAD PROVINCIAL DEL CUSCO _cBIBLIOTECA MUNICIPAL DEL CUSCO |
||
| 082 |
_a574.072 / _bZ7 |
||
| 100 |
_aZevallos D. Azcona, Próspero _922875 |
||
| 245 |
_aBiología fundamental objetiva : _bguía de prácticas / |
||
| 260 |
_aLima : _bMiranda, _c1951. |
||
| 300 |
_a184 páginas ; _bIlustraciones, _c22 cm. |
||
| 505 | _aEl microscopio -- Oculares -- Clases de oculares -- Clases de objetivos -- Aberraciones -- Condensador parabólico y cardioide ... | ||
| 650 |
_aBiología _9881 |
||
| 650 |
_aManuales de laboratorio _922558 |
||
| 942 |
_2ddc _cLIBROS |
||
| 945 | _aacv | ||